|
|
|
|
| LEADER |
00751nam a2200217 a 4500 |
| 001 |
00024585 |
| 008 |
120314s2009 ii a 000 0 eng d |
| 020 |
|
|
|a 9780557255276
|
| 040 |
|
|
|a BD-DhAAL
|c BD-DhAAL
|
| 082 |
0 |
0 |
|a 006.7/6
|2 22
|
| 100 |
1 |
|
|a Yadav, Aditya.
|
| 245 |
1 |
0 |
|a Amazon cloud computing with Java /
|c Aditya Yadav
|
| 260 |
|
|
|a Bangalore :
|b A. Yadav,
|c c2009.
|
| 300 |
|
|
|a 290 p. :
|b ill. ;
|c 28 cm.
|
| 541 |
1 |
|
|e 0024585
|
| 650 |
|
0 |
|a Cloud computing
|
| 650 |
|
0 |
|a Web services
|
| 852 |
1 |
|
|a Ayesha Abed Library
|j General shelf
|
| 942 |
0 |
0 |
|0 1
|
| 999 |
|
|
|c 11962
|d 11962
|
| 952 |
|
|
|0 0
|1 0
|4 0
|6 006_760000000000000_YAD
|7 0
|9 19674
|a BRACUL
|b BRACUL
|c GEN
|d 2012-03-14
|e Trim Education
|g 2950.00
|l 4
|m 26
|o 006.76 YAD
|p 3010024585
|r 2022-04-05
|s 2022-03-27
|t 1
|w 2012-03-15
|y BK
|